000
00233nam a2200097Ia 4500
001
683136
005
20250826161432.0
008
250824s9999 xx 000 0 und d
245
0
_a
KÜRŞAD
_c
ORHAN YENİARAS
260
_b
PANAMA YAYINLARI
999
_c
683136
_d
683136